Normal view
MARC view
- Irfan, Muhammad
Entry Personal Name
001 - CONTROL NUMBER
- control field: 16781
003 - CONTROL NUMBER IDENTIFIER
- control field: NUST
005 - DATE AND TIME OF LATEST TRANSACTION
- control field: 20190705052711.0
008 - FIXED-LENGTH DATA ELEMENTS
- fixed length control field: 190705|| aca||aabn | a|a d
040 ## - CATALOGING SOURCE
- Original cataloging agency: NUST
- Transcribing agency: NUST
100 ## - HEADING--PERSONAL NAME
- Personal name: Irfan, Muhammad
670 ## - SOURCE DATA FOUND
- Source citation: Work cat.: (NUST): Irfan, Muhammad, Numerical Simulation for Steady Incompressible / Compressible Flows of Viscous and Nanofluids /, 2014.
